Doctor Who Recurring Characters - Statistics

General Stats
  • This quiz has been taken 115 times
  • The average score is 10 of 12
Answer Stats
Picture Answer % Correct
River Song
100%
Amy Pond
95%
Rose Tyler
95%
The Master
95%
Mickey
94%
Jack Harkness
93%
Sarah Jane Smith
92%
Graham
72%
Yasmin Khan
60%
Ace
56%
Jo Grant
56%
Mel
55%
No matching quizzes found
Score Distribution
Percent of People with Each Score
Percentile by Number Answered
Your Score History
You have not taken this quiz